=LDR 00000nam 2200000 4500 =001 INLIS000000000022396 =005 20130612121145 =008 ***********************************Ind** =035 ##$$0010-061300000022396 =041 ##$$a Ind =082 ##$$a 330 =090 ##$$a 330, kel e =100 ##$$a Kelana, Said =245 ##$$a Ekonomi mikro, Said Kelana =260 ##$$a 1994 $b Jakarta =300 ##$$a xvi, 274 hlm, 21 cm =650 ##$$a Ekonomi Mikro =850 ##$$a NBPNMAT